{"text_format":"3","workbook":"xlsx","n_sheets":1,"sheets":["t8"],"read":"whole","date_system":"1900"}

{"sheet":"t8","index":0,"n_rows":214,"n_cols":7,"rows_kept":214,"merged":[[0,0,0,6],[28,0,28,5],[48,0,48,5],[164,0,164,5]]}
["TABELA 8.1 - Estatísticas Agrícolas, Município de Agudos, Estado de São Paulo, 2016/17."]
["ITEM","UNIDADE","N.DE UPAs","MÍNIMO","MÉDIO","MÁXIMO","TOTAL"]
["Distância à sede do município","km",501,0.5,{"v":26.06,"d":"26.1"},{"v":90,"d":"90.0"},"-"]
["Área total","hectare",501,1.5,{"v":193.04,"d":"193.0"},{"v":10200,"d":"10,200.0"},{"v":96711.8,"d":"96,711.8"}]
["Área com cultura perene","hectare",51,0.1,{"v":21.97,"d":"22.0"},646.4,{"v":1120.4,"d":"1,120.4"}]
["Área com cultura temporária","hectare",227,0.1,{"v":78.66,"d":"78.7"},{"v":1747,"d":"1,747.0"},{"v":17856.88,"d":"17,856.9"}]
["Área com pastagem","hectare",425,0.3,{"v":62.49,"d":"62.5"},{"v":1500,"d":"1,500.0"},{"v":26556.84,"d":"26,556.8"}]
["Área com reflorestamento","hectare",156,0.1,{"v":204.28,"d":"204.3"},{"v":9664.2,"d":"9,664.2"},{"v":31867.5,"d":"31,867.5"}]
["Área com vegetação natural","hectare",339,0.1,42.7,{"v":900,"d":"900.0"},{"v":14474.32,"d":"14,474.3"}]
["Área com vegetação de brejo e várzea","hectare",253,0.1,{"v":9.18,"d":"9.2"},{"v":200,"d":"200.0"},{"v":2322.58,"d":"2,322.6"}]
["Área em descanso","hectare",12,0.1,{"v":105.98,"d":"106.0"},918.8,{"v":1271.7,"d":"1,271.7"}]
["Área complementar","hectare",414,{"v":0.09,"d":"0.1"},{"v":3,"d":"3.0"},335.8,{"v":1241.58,"d":"1,241.6"}]
["Área das UPAs com (0, 1] ha","hectare","-","-","-","-","-"]
["Área das UPAs com (1, 2] ha","hectare",2,1.5,{"v":1.75,"d":"1.8"},{"v":2,"d":"2.0"},3.5]
["Área das UPAs com (2, 5] ha","hectare",61,{"v":2.19,"d":"2.2"},{"v":3.71,"d":"3.7"},{"v":4.96,"d":"5.0"},{"v":226.06,"d":"226.1"}]
["Área das UPAs com (5, 10] ha","hectare",61,5.5,{"v":7.51,"d":"7.5"},9.7,{"v":457.87,"d":"457.9"}]
["Área das UPAs com (10, 20] ha","hectare",66,10.6,{"v":14.07,"d":"14.1"},19.3,{"v":928.44,"d":"928.4"}]
["Área das UPAs com (20, 50] ha","hectare",93,20.5,{"v":33.27,"d":"33.3"},{"v":50,"d":"50.0"},{"v":3094.44,"d":"3,094.4"}]
["Área das UPAs com (50, 100] ha","hectare",74,50.5,{"v":70.89,"d":"70.9"},99.2,{"v":5246.09,"d":"5,246.1"}]
["Área das UPAs com (100, 200] ha","hectare",42,100.4,140.5,{"v":197.06,"d":"197.1"},{"v":5900.85,"d":"5,900.9"}]
["Área das UPAs com (200, 500] ha","hectare",53,205.7,{"v":321.55,"d":"321.6"},489.7,{"v":17042.03,"d":"17,042.0"}]
["Área das UPAs com (500, 1.000] ha","hectare",24,{"v":506.98,"d":"507.0"},{"v":675.61,"d":"675.6"},955.9,{"v":16214.7,"d":"16,214.7"}]
["Área das UPAs com (1.000, 2.000] ha","hectare",20,{"v":1006.7,"d":"1,006.7"},{"v":1349.05,"d":"1,349.1"},{"v":1963,"d":"1,963.0"},{"v":26981.02,"d":"26,981.0"}]
["Área das UPAs com (2.000, 5.000] ha","hectare",4,{"v":2167,"d":"2,167.0"},{"v":2604.2,"d":"2,604.2"},{"v":2866.8,"d":"2,866.8"},{"v":10416.8,"d":"10,416.8"}]
["Área das UPAs com (5.000, 10.000] ha","hectare","-","-","-","-","-"]
["Área das UPAs acima de 10.000 ha","hectare",1,{"v":10200,"d":"10,200.0"},{"v":10200,"d":"10,200.0"},{"v":10200,"d":"10,200.0"},{"v":10200,"d":"10,200.0"}]
["Fonte: Secretaria de Agricultura e Abastecimento, CDRS/IEA, Projeto LUPA."]
[]
["TABELA 8.2 - Explorações Animais, Município de Agudos, Estado de São Paulo, 2016/17."]
["ITEM","UNIDADE","N.DE UPAs","MÍNIMO","MÉDIO","MÁXIMO","TOTAL"]
["Apicultura","colmeias",6,{"v":1,"d":"1.0"},{"v":61.83,"d":"61.8"},{"v":200,"d":"200.0"},{"v":371,"d":"371.0"}]
["Asininos e muares","cabecas",29,{"v":1,"d":"1.0"},{"v":2.24,"d":"2.2"},{"v":20,"d":"20.0"},{"v":65,"d":"65.0"}]
["Avicultura de corte","cabecas/ano",3,{"v":300,"d":"300.0"},{"v":1600266.67,"d":"1,600,266.7"},{"v":4800000,"d":"4,800,000.0"},{"v":4800800,"d":"4,800,800.0"}]
["Avicultura ornamental/decorativa/exotica","cabecas",1,{"v":30,"d":"30.0"},{"v":30,"d":"30.0"},{"v":30,"d":"30.0"},{"v":30,"d":"30.0"}]
["Avicultura para ovos","cabecas",5,{"v":15,"d":"15.0"},{"v":32096.2,"d":"32,096.2"},{"v":160000,"d":"160,000.0"},{"v":160481,"d":"160,481.0"}]
["Bovinocultura de corte","cabecas",125,{"v":1,"d":"1.0"},{"v":228.81,"d":"228.8"},{"v":3680,"d":"3,680.0"},{"v":28601,"d":"28,601.0"}]
["Bovinocultura leiteira","cabecas",97,{"v":1,"d":"1.0"},{"v":29.75,"d":"29.8"},{"v":400,"d":"400.0"},{"v":2886,"d":"2,886.0"}]
["Bovinocultura mista","cabecas",203,{"v":1,"d":"1.0"},{"v":47.74,"d":"47.7"},{"v":3380,"d":"3,380.0"},{"v":9692,"d":"9,692.0"}]
["Bubalinocultura","cabecas",1,{"v":25,"d":"25.0"},{"v":25,"d":"25.0"},{"v":25,"d":"25.0"},{"v":25,"d":"25.0"}]
["Caprinocultura","cabecas",1,{"v":9,"d":"9.0"},{"v":9,"d":"9.0"},{"v":9,"d":"9.0"},{"v":9,"d":"9.0"}]
["Equinocultura","cabecas",241,{"v":1,"d":"1.0"},{"v":4.05,"d":"4.1"},{"v":55,"d":"55.0"},{"v":975,"d":"975.0"}]
["Javalis (criadouro)","cabecas",2,{"v":4,"d":"4.0"},{"v":8,"d":"8.0"},{"v":12,"d":"12.0"},{"v":16,"d":"16.0"}]
["Minhocultura","canteiros",1,{"v":20,"d":"20.0"},{"v":20,"d":"20.0"},{"v":20,"d":"20.0"},{"v":20,"d":"20.0"}]
["Ovinocultura","cabecas",32,{"v":2,"d":"2.0"},{"v":42.84,"d":"42.8"},{"v":200,"d":"200.0"},{"v":1371,"d":"1,371.0"}]
["Piscicultura","m2 tanques",6,{"v":1000,"d":"1,000.0"},{"v":7183.33,"d":"7,183.3"},{"v":23000,"d":"23,000.0"},{"v":43100,"d":"43,100.0"}]
["Suinocultura","cabecas",22,{"v":2,"d":"2.0"},{"v":3046.86,"d":"3,046.9"},{"v":66134,"d":"66,134.0"},{"v":67031,"d":"67,031.0"}]
["Fonte: Secretaria de Agricultura e Abastecimento, CDRS/IEA, Projeto LUPA."]
[]
["TABELA 8.3 -  Máquinas, Implementos e Benfeitorias, Município de Agudos, Estado de São Paulo, 2016/17."]
["ITEM","UNIDADE","N.DE UPAs","MÍNIMO","MÉDIO","MÁXIMO","TOTAL"]
["Arado comum (bacia, aiveca)","unidade",101,{"v":1,"d":"1.0"},{"v":1.19,"d":"1.2"},{"v":5,"d":"5.0"},{"v":120,"d":"120.0"}]
["Arado escarificador","unidade",6,{"v":1,"d":"1.0"},{"v":1.17,"d":"1.2"},{"v":2,"d":"2.0"},{"v":7,"d":"7.0"}]
["Arado subsolador","unidade",8,{"v":1,"d":"1.0"},{"v":2,"d":"2.0"},{"v":5,"d":"5.0"},{"v":16,"d":"16.0"}]
["Batedeira de cereais","unidade",4,{"v":1,"d":"1.0"},{"v":1,"d":"1.0"},{"v":1,"d":"1.0"},{"v":4,"d":"4.0"}]
["Camara fria","unidade",2,{"v":1,"d":"1.0"},{"v":1,"d":"1.0"},{"v":1,"d":"1.0"},{"v":2,"d":"2.0"}]
["Carregadeira de cana","unidade",4,{"v":1,"d":"1.0"},{"v":1,"d":"1.0"},{"v":1,"d":"1.0"},{"v":4,"d":"4.0"}]
["Carreta de trator","unidade",15,{"v":1,"d":"1.0"},2.2,{"v":13,"d":"13.0"},{"v":33,"d":"33.0"}]
["Colhedeira acoplada","unidade",8,{"v":1,"d":"1.0"},1.5,{"v":4,"d":"4.0"},{"v":12,"d":"12.0"}]
["Colhedeira automotriz","unidade",2,{"v":1,"d":"1.0"},{"v":1,"d":"1.0"},{"v":1,"d":"1.0"},{"v":2,"d":"2.0"}]
["Computador","unidade",4,{"v":1,"d":"1.0"},{"v":17.75,"d":"17.8"},{"v":68,"d":"68.0"},{"v":71,"d":"71.0"}]
["Conj.irrigacao autopropelido","unidade",1,{"v":1,"d":"1.0"},{"v":1,"d":"1.0"},{"v":1,"d":"1.0"},{"v":1,"d":"1.0"}]
["Conj.irrigacao convencional","unidade",9,{"v":1,"d":"1.0"},{"v":1,"d":"1.0"},{"v":1,"d":"1.0"},{"v":9,"d":"9.0"}]
["Conj.irrigacao pivot central","unidade",2,{"v":1,"d":"1.0"},{"v":1,"d":"1.0"},{"v":1,"d":"1.0"},{"v":2,"d":"2.0"}]
["Conj.irrigacao/gotejamento/microaspersao","unidade",9,{"v":1,"d":"1.0"},{"v":2,"d":"2.0"},{"v":4,"d":"4.0"},{"v":18,"d":"18.0"}]
["Conjunto de fenacao","unidade",6,{"v":1,"d":"1.0"},{"v":1.33,"d":"1.3"},{"v":2,"d":"2.0"},{"v":8,"d":"8.0"}]
["Desintegrador de palha (plantio direto)","unidade",1,{"v":1,"d":"1.0"},{"v":1,"d":"1.0"},{"v":1,"d":"1.0"},{"v":1,"d":"1.0"}]
["Desintegrador, picador, triturador","unidade",117,{"v":1,"d":"1.0"},{"v":1.09,"d":"1.1"},{"v":2,"d":"2.0"},{"v":128,"d":"128.0"}]
["Distribuidor de calcario","unidade",24,{"v":1,"d":"1.0"},{"v":1.71,"d":"1.7"},{"v":10,"d":"10.0"},{"v":41,"d":"41.0"}]
["Ensiladeira","unidade",25,{"v":1,"d":"1.0"},{"v":1.12,"d":"1.1"},{"v":3,"d":"3.0"},{"v":28,"d":"28.0"}]
["Grade aradora (tipo romi)","unidade",51,{"v":1,"d":"1.0"},{"v":1.25,"d":"1.3"},{"v":8,"d":"8.0"},{"v":64,"d":"64.0"}]
["Grade niveladora","unidade",88,{"v":1,"d":"1.0"},{"v":1.22,"d":"1.2"},{"v":10,"d":"10.0"},{"v":107,"d":"107.0"}]
["Implementos para tracao animal","unidade",5,{"v":1,"d":"1.0"},2.4,{"v":5,"d":"5.0"},{"v":12,"d":"12.0"}]
["Maquina de classificar ovo","unidade",1,{"v":1,"d":"1.0"},{"v":1,"d":"1.0"},{"v":1,"d":"1.0"},{"v":1,"d":"1.0"}]
["Misturador de racao","unidade",8,{"v":1,"d":"1.0"},{"v":1.25,"d":"1.3"},{"v":2,"d":"2.0"},{"v":10,"d":"10.0"}]
["Mmicrotrator","unidade",9,{"v":1,"d":"1.0"},{"v":1,"d":"1.0"},{"v":1,"d":"1.0"},{"v":9,"d":"9.0"}]
["Ordenhadeira mecanica","unidade",8,{"v":1,"d":"1.0"},{"v":1.38,"d":"1.4"},{"v":4,"d":"4.0"},{"v":11,"d":"11.0"}]
["Pulverizador tratorizado","unidade",33,{"v":1,"d":"1.0"},{"v":1.97,"d":"2.0"},{"v":20,"d":"20.0"},{"v":65,"d":"65.0"}]
["Resfriador de leite, tanque expansao","unidade",6,{"v":1,"d":"1.0"},1.5,{"v":3,"d":"3.0"},{"v":9,"d":"9.0"}]
["Retroescavadeira","unidade",1,{"v":1,"d":"1.0"},{"v":1,"d":"1.0"},{"v":1,"d":"1.0"},{"v":1,"d":"1.0"}]
["Roçadora","unidade",5,{"v":1,"d":"1.0"},2.8,{"v":10,"d":"10.0"},{"v":14,"d":"14.0"}]
["Semeadeira/adubadeira para plantio convencional","unidade",26,{"v":1,"d":"1.0"},{"v":1.08,"d":"1.1"},{"v":2,"d":"2.0"},{"v":28,"d":"28.0"}]
["Semeadeira/plantadeira plantio direto","unidade",9,{"v":1,"d":"1.0"},{"v":1.11,"d":"1.1"},{"v":2,"d":"2.0"},{"v":10,"d":"10.0"}]
["Terraceador","unidade",6,{"v":1,"d":"1.0"},{"v":1,"d":"1.0"},{"v":1,"d":"1.0"},{"v":6,"d":"6.0"}]
["Trator de esteiras","unidade",3,{"v":1,"d":"1.0"},{"v":1,"d":"1.0"},{"v":1,"d":"1.0"},{"v":3,"d":"3.0"}]
["Trator de pneus  acima de 85 cv","unidade",9,{"v":1,"d":"1.0"},{"v":1.67,"d":"1.7"},{"v":6,"d":"6.0"},{"v":15,"d":"15.0"}]
["Trator de pneus até 65 cv","unidade",155,{"v":1,"d":"1.0"},{"v":1.52,"d":"1.5"},{"v":12,"d":"12.0"},{"v":236,"d":"236.0"}]
["Trator de pneus de 66 cv a 85 cv","unidade",37,{"v":1,"d":"1.0"},{"v":1.81,"d":"1.8"},{"v":7,"d":"7.0"},{"v":67,"d":"67.0"}]
["Acude/represa","unidade",126,{"v":1,"d":"1.0"},{"v":2.03,"d":"2.0"},{"v":15,"d":"15.0"},{"v":256,"d":"256.0"}]
["Adega cantina","unidade",3,{"v":1,"d":"1.0"},{"v":1,"d":"1.0"},{"v":1,"d":"1.0"},{"v":3,"d":"3.0"}]
["Almoxarifado/oficina","unidade",28,{"v":1,"d":"1.0"},{"v":1.18,"d":"1.2"},{"v":3,"d":"3.0"},{"v":33,"d":"33.0"}]
["Armazem para graos ensacados","sacas",7]
["Balanca para bovinos","unidade",19,{"v":1,"d":"1.0"},{"v":1.16,"d":"1.2"},{"v":2,"d":"2.0"},{"v":22,"d":"22.0"}]
["Balanca para veiculos","unidade",2,{"v":1,"d":"1.0"},{"v":1,"d":"1.0"},{"v":1,"d":"1.0"},{"v":2,"d":"2.0"}]
["Barracao para granja/avicultura","unidade",10,{"v":1,"d":"1.0"},{"v":5,"d":"5.0"},{"v":16,"d":"16.0"},{"v":50,"d":"50.0"}]
["Barracao/galpao/garagem","unidade",176,{"v":1,"d":"1.0"},1.4,{"v":8,"d":"8.0"},{"v":246,"d":"246.0"}]
["Casa de moradia habitada","unidade",284,{"v":1,"d":"1.0"},{"v":1.65,"d":"1.7"},{"v":13,"d":"13.0"},{"v":469,"d":"469.0"}]
["Casa de moradia total","unidade",376,{"v":1,"d":"1.0"},{"v":2.38,"d":"2.4"},{"v":20,"d":"20.0"},{"v":894,"d":"894.0"}]
["Curral/mangueira","unidade",248,{"v":1,"d":"1.0"},{"v":1.09,"d":"1.1"},{"v":3,"d":"3.0"},{"v":270,"d":"270.0"}]
["Deposito/tulha","unidade",118,{"v":1,"d":"1.0"},{"v":1.14,"d":"1.1"},{"v":3,"d":"3.0"},{"v":135,"d":"135.0"}]
["Estabulo","unidade",26,{"v":1,"d":"1.0"},{"v":1.15,"d":"1.2"},{"v":3,"d":"3.0"},{"v":30,"d":"30.0"}]
["Estufa/plasticultura","m2",14]
["Fabrica de racao","unidade",6,{"v":1,"d":"1.0"},{"v":1,"d":"1.0"},{"v":1,"d":"1.0"},{"v":6,"d":"6.0"}]
["Instalacoes para equinos","unidade",15,{"v":1,"d":"1.0"},{"v":2.73,"d":"2.7"},{"v":12,"d":"12.0"},{"v":41,"d":"41.0"}]
["Maquina de beneficio","unidade",2,{"v":1,"d":"1.0"},1.5,{"v":2,"d":"2.0"},{"v":3,"d":"3.0"}]
["Pocilga","unidade",29,{"v":1,"d":"1.0"},{"v":2.24,"d":"2.2"},{"v":34,"d":"34.0"},{"v":65,"d":"65.0"}]
["Poco semi-artesiano","unidade",132,{"v":1,"d":"1.0"},{"v":1.08,"d":"1.1"},{"v":3,"d":"3.0"},{"v":143,"d":"143.0"}]
["Secador de graos","unidade",2,{"v":1,"d":"1.0"},{"v":1,"d":"1.0"},{"v":1,"d":"1.0"},{"v":2,"d":"2.0"}]
["Silo para graos","ton",3]
["Silo para silagem","ton",3]
["Terreiro","m2",14]
["Fonte: Secretaria de Agricultura e Abastecimento, CDRS/IEA, Projeto LUPA."]
[]
["TABELA 8.4 - Outras Estatísticas Agrícolas, Município de Agudos, Estado de São Paulo, 2016/17."]
["ITEM","Número de UPAs",null,"Percentual"]
["Faz Parte de Associação de Produtores",44,null,{"v":8.78243512974052,"d":"8.8"}]
["Faz Parte de Cooperativa de Produtores",36,null,{"v":7.18562874251497,"d":"7.2"}]
["Faz Parte do Sindicato de Produtores",48,null,{"v":9.580838323353293,"d":"9.6"}]
["Não utiliza assistência técnica ",315,null,{"v":62.874251497005986,"d":"62.9"}]
["Utiliza somente assistência técnica governamental ",76,null,{"v":15.169660678642714,"d":"15.2"}]
["Utiliza somente assistência técnica privada ",79,null,{"v":15.768463073852296,"d":"15.8"}]
["Utiliza assistência técnica tanto governamental quanto privada",31,null,{"v":6.187624750499002,"d":"6.2"}]
["Utiliza Crédito Rural",67,null,{"v":13.373253493013973,"d":"13.4"}]
["Utiliza Seguro Rural",15,null,{"v":2.9940119760479043,"d":"3.0"}]
["Utiliza Escrituração Agrícola",136,null,{"v":27.14570858283433,"d":"27.1"}]
["Acessa Internet p/ Fins na Agropecuária",52,null,{"v":10.379241516966069,"d":"10.4"}]
["Utiliza Computador nas Atividades Agropecuárias",62,null,{"v":12.375249500998002,"d":"12.4"}]
["Utiliza Energia Elétrica Para Uso na Atividade Agrícola",373,null,{"v":74.45109780439122,"d":"74.5"}]
["Utiliza Energia Alternativa",1,null,{"v":0.1996007984031936,"d":"0.2"}]
["Realiza Análise de Solo, quando necessário",145,null,{"v":28.942115768463076,"d":"28.9"}]
["Realiza Calagem",33,null,{"v":6.58682634730539,"d":"6.6"}]
["Utiliza Práticas de Conservação de Solo, quando necessário",268,null,{"v":53.49301397205589,"d":"53.5"}]
["Faz Adubação Mineral, quando necessário",217,null,{"v":43.31337325349301,"d":"43.3"}]
["Faz Adubação Orgânica, quando necessário",100,null,{"v":19.96007984031936,"d":"20.0"}]
["Faz Adubação Verde, quando necessário",16,null,{"v":3.193612774451098,"d":"3.2"}]
["Utiliza Manejo Integrado de Pragas (MIP)",10,null,{"v":1.9960079840319362,"d":"2.0"}]
["Utiliza Hidroponia","-",null,"-"]
["Utiliza Cultivo em Estufa",18,null,{"v":3.5928143712574854,"d":"3.6"}]
["Utiliza Mudas Fiscalizadas",53,null,{"v":10.578842315369261,"d":"10.6"}]
["Utiliza Semente Melhorada",65,null,{"v":12.974051896207586,"d":"13.0"}]
["Faz Confinamento de Bovinos",21,null,{"v":4.191616766467066,"d":"4.2"}]
["Utiliza Pastejo Intensivo",77,null,{"v":15.369261477045907,"d":"15.4"}]
["Faz Inseminação Artificial",15,null,{"v":2.9940119760479043,"d":"3.0"}]
["Faz Mineralização do Rebanho",289,null,{"v":57.684630738522955,"d":"57.7"}]
["Faz Vermifugação do Rebanho",269,null,{"v":53.69261477045909,"d":"53.7"}]
["Possui Parceiros /Arrendatários na Exploração Animal",110,null,{"v":21.956087824351297,"d":"22.0"}]
["Existência de trabalhadores c/ deficiência na UPA","-",null,"-"]
["Esporte e lazer",5,null,{"v":0.9980039920159681,"d":"1.0"}]
["Extração mineral","-",null,"-"]
["Hotel Fazenda, Pousada ou SPA",1,null,{"v":0.1996007984031936,"d":"0.2"}]
["Pesque-pague",3,null,{"v":0.5988023952095808,"d":"0.6"}]
["Restaurante ou Lanchonete",4,null,{"v":0.7984031936127745,"d":"0.8"}]
["Transformação artesanal","-",null,"-"]
["Turismo rural ou ecoturismo",2,null,{"v":0.3992015968063872,"d":"0.4"}]
["Outras atividades econômicas rurais",4,null,{"v":0.7984031936127745,"d":"0.8"}]
["Agroindústria","-",null,"-"]
["Proprietário sem instrução ou com instrução incompleta",13,null,{"v":2.594810379241517,"d":"2.6"}]
["Proprietário com antigo primário completo",92,null,{"v":18.363273453093814,"d":"18.4"}]
["Proprietário com 1° grau (ou antigo ginasial) completo",44,null,{"v":8.78243512974052,"d":"8.8"}]
["Proprietário com 2° grau (ou antigo colegial) completo",134,null,{"v":26.746506986027946,"d":"26.7"}]
["Proprietário com curso superior completo ",188,null,{"v":37.5249500998004,"d":"37.5"}]
["Pessoa Jurídica",30,null,{"v":5.9880239520958085,"d":"6.0"}]
["Proprietário residente na própria UPA ",89,null,{"v":17.764471057884233,"d":"17.8"}]
["Fonte: Secretaria de Agricultura e Abastecimento, CDRS/IEA, Projeto LUPA."]
[]
["TABELA 8.5 - Área Cultivada, Município de Agudos, Estado de São Paulo, 2016/17."]
["CULTURA","N.DE UPAs","MÍNIMO","MÉDIO","MÁXIMO","TOTAL"]
["Eucalipto",152,0.1,{"v":206.98,"d":"207.0"},{"v":9664.2,"d":"9,664.2"},{"v":31460.4,"d":"31,460.4"}]
["Braquiaria",406,0.3,{"v":63.91,"d":"63.9"},{"v":1500,"d":"1,500.0"},{"v":25947.29,"d":"25,947.3"}]
["Cana-de-acucar finalidade industria",66,0.5,{"v":221.12,"d":"221.1"},{"v":1747,"d":"1,747.0"},{"v":14593.89,"d":"14,593.9"}]
["Cana-de-acucar outras finalidades",109,0.1,17.7,{"v":540,"d":"540.0"},{"v":1928.89,"d":"1,928.9"}]
["Laranja Industria",5,{"v":16,"d":"16.0"},{"v":208.74,"d":"208.7"},646.4,{"v":1043.7,"d":"1,043.7"}]
["Pinus",4,2.4,{"v":83.23,"d":"83.2"},{"v":150,"d":"150.0"},332.9]
["Soja",6,{"v":14,"d":"14.0"},{"v":54.95,"d":"55.0"},{"v":121,"d":"121.0"},329.7]
["Melancia",3,{"v":35,"d":"35.0"},{"v":95,"d":"95.0"},{"v":200,"d":"200.0"},{"v":285,"d":"285.0"}]
["Milho safra",41,0.5,{"v":6.81,"d":"6.8"},48.4,279.1]
["Mandioca",20,0.1,{"v":13.66,"d":"13.7"},{"v":120,"d":"120.0"},273.2]
["Outras gramineas para pastagem",23,{"v":1,"d":"1.0"},{"v":11.41,"d":"11.4"},75.4,262.4]
["Gramas",11,{"v":1,"d":"1.0"},{"v":13.79,"d":"13.8"},{"v":76,"d":"76.0"},{"v":151.65,"d":"151.7"}]
["Capim-napier (ou capim-elefante)",42,0.2,{"v":3.25,"d":"3.3"},{"v":38,"d":"38.0"},136.5]
["Outras florestais",3,1.1,{"v":24.27,"d":"24.3"},70.2,72.8]
["Milho 2 safra",2,{"v":30,"d":"30.0"},{"v":35,"d":"35.0"},{"v":40,"d":"40.0"},{"v":70,"d":"70.0"}]
["Amendoim",1,{"v":55,"d":"55.0"},{"v":55,"d":"55.0"},{"v":55,"d":"55.0"},{"v":55,"d":"55.0"}]
["Sorgo",3,14.5,{"v":18.17,"d":"18.2"},{"v":20,"d":"20.0"},54.5]
["Gramíneas para fenação (tonelada)",1,{"v":45,"d":"45.0"},{"v":45,"d":"45.0"},{"v":45,"d":"45.0"},{"v":45,"d":"45.0"}]
["Aveia",1,{"v":45,"d":"45.0"},{"v":45,"d":"45.0"},{"v":45,"d":"45.0"},{"v":45,"d":"45.0"}]
["Milheto",1,{"v":40,"d":"40.0"},{"v":40,"d":"40.0"},{"v":40,"d":"40.0"},{"v":40,"d":"40.0"}]
["Seringueira",1,{"v":32,"d":"32.0"},{"v":32,"d":"32.0"},{"v":32,"d":"32.0"},{"v":32,"d":"32.0"}]
["Feijao",2,4.8,12.4,{"v":20,"d":"20.0"},24.8]
["Abobora (ou jerimum)",4,0.5,{"v":5.55,"d":"5.6"},19.5,22.2]
["Alface",16,0.1,{"v":1.14,"d":"1.1"},{"v":5,"d":"5.0"},18.2]
["Laranja Mercado",4,{"v":1,"d":"1.0"},{"v":4.08,"d":"4.1"},12.5,16.3]
["Outras olericolas",8,0.3,{"v":1.76,"d":"1.8"},5.5,14.1]
["Pomar domestico",31,0.1,{"v":0.39,"d":"0.4"},{"v":2,"d":"2.0"},12.2]
["Sorgo-forrageiro",1,{"v":12,"d":"12.0"},{"v":12,"d":"12.0"},{"v":12,"d":"12.0"},{"v":12,"d":"12.0"}]
["Cafe",5,0.3,{"v":1.16,"d":"1.2"},2.4,5.8]
["Limao",4,0.5,{"v":1.43,"d":"1.4"},{"v":2,"d":"2.0"},5.7]
["Horta domestica",8,0.1,{"v":0.54,"d":"0.5"},{"v":1,"d":"1.0"},4.3]
["Cebolinha",5,0.1,{"v":0.62,"d":"0.6"},{"v":1,"d":"1.0"},3.1]
["Milho-silagem",1,{"v":3,"d":"3.0"},{"v":3,"d":"3.0"},{"v":3,"d":"3.0"},{"v":3,"d":"3.0"}]
["Laranja destino misto",1,2.2,2.2,2.2,2.2]
["Coloniao",1,{"v":2,"d":"2.0"},{"v":2,"d":"2.0"},{"v":2,"d":"2.0"},{"v":2,"d":"2.0"}]
["Uva rustica",1,{"v":2,"d":"2.0"},{"v":2,"d":"2.0"},{"v":2,"d":"2.0"},{"v":2,"d":"2.0"}]
["Repolho",1,{"v":2,"d":"2.0"},{"v":2,"d":"2.0"},{"v":2,"d":"2.0"},{"v":2,"d":"2.0"}]
["Brocolos (ou brocolis)",4,0.1,{"v":0.35,"d":"0.4"},{"v":1,"d":"1.0"},1.4]
["Chicoria (ou chicoria-de-folha-crespa)",2,0.2,0.6,{"v":1,"d":"1.0"},1.2]
["Viveiro de florestais",1,{"v":1,"d":"1.0"},{"v":1,"d":"1.0"},{"v":1,"d":"1.0"},{"v":1,"d":"1.0"}]
["Viveiro de frutiferas em geral",1,0.5,0.5,0.5,0.5]
["Beterraba",1,0.5,0.5,0.5,0.5]
["Berinjela",1,0.5,0.5,0.5,0.5]
["Teca",1,0.4,0.4,0.4,0.4]
["Couve (ou couve-crespa)",3,0.1,{"v":0.13,"d":"0.1"},0.2,0.4]
["Pimentao",1,0.2,0.2,0.2,0.2]
["Couve-flor",1,0.1,0.1,0.1,0.1]
["Fonte: Secretaria de Agricultura e Abastecimento, CDRS/IEA, Projeto LUPA."]